[Event "3. Wittelsbacher Weihnachts-Schach-Open"]
[Site "Kelheim"]
[Date "2014.12.27"]
[Round "1.49"]
[White "Mühlich, Cornelius"]
[Black "Aigner, Georg"]
[Result "1-0"]
[WhiteElo "1427"]
[BlackElo "1845"]
[PlyCount "83"]
[EventDate "2014.??.??"]
[WhiteTeam "SK Kelheim"]
[BlackTeam "TSV Dietfurt/Altm."]

1. c4 e5 2. g3 Nf6 3. Bg2 Bc5 4. Nc3 O-O 5. d3 Nc6 6. Nf3 d5 7. cxd5 Nxd5 8.
O-O h6 9. a3 a5 10. Nxe5 Nxc3 11. Nxc6 Qf6 12. bxc3 Qxc3 13. Bd2 Qf6 14. Nxa5
Ra7 15. Bb4 Qb6 16. Nc4 Qb5 17. Bxc5 Qxc5 18. Qd2 b5 19. Ne3 Rxa3 20. Rxa3 Qxa3
21. Qc2 Be6 22. Qxc7 Rc8 23. Qe5 b4 24. Qa1 Ba2 25. Nc4 Qa6 26. Bb7 Qxb7 27.
Qxa2 Ra8 28. Qb3 Qe7 29. e3 h5 30. Rb1 Rb8 31. Qc2 h4 32. Rb3 h3 33. Qb1 Qf6
34. Nd2 Ra8 35. d4 Ra4 36. Rxb4 Rxb4 37. Qxb4 Qc6 38. Qb8+ Kh7 39. Qb1+ g6 40.
Qf1 Qc8 41. Ne4 Qf5 42. Qxh3+ 1-0

[Event "3. Wittelsbacher Weihnachts-Schach-Open"]
[Site "Kelheim"]
[Date "2014.12.27"]
[Round "1.50"]
[White "Schindler, Tobias"]
[Black "Böse, Christina"]
[Result "1-0"]
[WhiteElo "1721"]
[BlackElo "1414"]
[PlyCount "67"]
[EventDate "2014.??.??"]
[WhiteTeam "SK Kelheim"]
[BlackTeam "SC Bechhofen"]

1. c4 e6 2. g3 Nf6 3. Bg2 d5 4. Nf3 b6 5. O-O Bb7 6. d3 Be7 7. Bf4 c5 8. Nbd2
Nc6 9. Ne5 Nxe5 10. Bxe5 Bd6 11. Qa4+ Kf8 12. Bxd6+ Qxd6 13. Rab1 Bc6 14. Qc2
dxc4 15. Nxc4 Qc7 16. Bxc6 Qxc6 17. Ne5 Qd6 18. Nf3 Nd5 19. d4 Rc8 20. Rfd1 Ke7
21. e4 cxd4 22. Qe2 Nb4 23. Nxd4 Qc7 24. a3 Nc6 25. Nb5 Qb8 26. Nd6 Rcd8 27. e5
Nxe5 28. Qxe5 Rxd6 29. Qxg7 Rxd1+ 30. Rxd1 Qg8 31. Qd4 Qd8 32. Qh4+ f6 33. Rxd8
Rxd8 34. Qxh7+ 1-0

[Event "3. Wittelsbacher Weihnachts-Schach-Open"]
[Site "Kelheim"]
[Date "2014.12.27"]
[Round "1.51"]
[White "Kutschera, Reinhardt"]
[Black "Wieczorek, Heinz"]
[Result "0-1"]
[WhiteElo "1403"]
[BlackElo "1816"]
[PlyCount "94"]
[EventDate "2014.??.??"]
[WhiteTeam "DJK-Regensburg Nord"]
[BlackTeam "SW Nürnberg Süd"]

1. c4 e5 2. g3 Nf6 3. Bg2 d5 4. Nf3 e4 5. Nd4 c5 6. Qa4+ Bd7 7. Nb5 a6 8. Bh3
Bxh3 9. Nc7+ Ke7 10. Nxa8 Nbd7 11. cxd5 Qxa8 12. Nc3 b5 13. Nxb5 Qxd5 14. Qxa6
Ng4 15. d3 exd3 16. f3 dxe2 17. Kxe2 Nge5 18. Bg5+ f6 19. Qd6+ Qxd6 20. Nxd6
Kxd6 21. Be3 Kc6 22. Rhc1 Be6 23. f4 Nc4 24. Bxc5 Bxc5 25. b3 Bg4+ 26. Kd3 Na3
27. b4 Re8 28. bxc5 Nxc5+ 29. Rxc5+ Kxc5 30. Rc1+ Kb4 31. Rc7 Rd8+ 32. Ke3 Rd7
33. Rc6 Nb5 34. f5 Bf3 35. Kxf3 Nd4+ 36. Kg4 Nxc6 37. Kh5 Rd2 38. h4 Ne5 39. g4
Rg2 40. a4 Rxg4 41. a5 g6+ 42. fxg6 hxg6+ 43. Kh6 Rxh4+ 44. Kg7 Kxa5 45. Kxf6
Kb5 46. Kg5 Rh1 47. Kf4 Kc5 0-1

[Event "3. Wittelsbacher Weihnachts-Schach-Open"]
[Site "Kelheim"]
[Date "2014.12.27"]
[Round "1.52"]
[White "Li, Simon"]
[Black "Karl, Thomas"]
[Result "1-0"]
[WhiteElo "1815"]
[BlackElo "1390"]
[PlyCount "69"]
[EventDate "2014.??.??"]
[WhiteTeam "SK Schweinfurt"]
[BlackTeam "SK Kelheim"]

1. e4 d5 2. exd5 Nf6 3. Nf3 Bg4 4. c4 e6 5. dxe6 Bxe6 6. d4 Bb4+ 7. Bd2 Bxd2+
8. Qxd2 Qe7 9. Qe3 c6 10. Be2 Nbd7 11. O-O Nb6 12. Re1 Rd8 13. Ng5 Bc8 14.
Qxe7+ Kxe7 15. Bh5+ Kf8 16. Nxf7 Rxd4 17. Nxh8 Nxh5 18. b3 Nf6 19. Nc3 Kg8 20.
Rad1 Rd7 21. Rxd7 Bxd7 22. Ne4 Kxh8 23. Nxf6 gxf6 24. Re7 c5 25. b4 Bf5 26.
bxc5 Nxc4 27. Rxb7 a5 28. c6 Be6 29. Ra7 Kg8 30. f3 Bf5 31. g4 Bg6 32. c7 Nd6
33. Ra8+ Kf7 34. c8=Q Nxc8 35. Rxc8 1-0

[Event "3. Wittelsbacher Weihnachts-Schach-Open"]
[Site "Kelheim"]
[Date "2014.12.27"]
[Round "1.53"]
[White "Mosler, Ernst"]
[Black "Jaschke, Dieter"]
[Result "1/2-1/2"]
[WhiteElo "1656"]
[BlackElo "1921"]
[PlyCount "63"]
[EventDate "2014.??.??"]
[WhiteTeam "SV Wettstetten"]
[BlackTeam "TSV Kirchenlaibach"]

1. e4 c6 2. c4 d5 3. cxd5 cxd5 4. exd5 Nf6 5. Bb5+ Bd7 6. Qa4 Nxd5 7. Nf3 Nc6
8. O-O e6 9. Nc3 a6 10. Bxc6 Bxc6 11. Qd1 Be7 12. Ne5 Rc8 13. d4 O-O 14. a3
Nxc3 15. bxc3 Bb5 16. Re1 Rxc3 17. Bb2 Rc7 18. Rc1 Rxc1 19. Qxc1 Bf6 20. Qd2
Qd5 21. Qc3 Rd8 22. h3 Bxe5 23. Rxe5 Qc6 24. Rc5 Qd6 25. Qc2 Bc6 26. Rh5 g6 27.
Rh4 Qe7 28. Rg4 Rd5 29. Qd2 Kg7 30. Bc1 Qf6 31. Qh6+ Kg8 32. Bb2 1/2-1/2

[Event "3. Wittelsbacher Weihnachts-Schach-Open"]
[Site "Kelheim"]
[Date "2014.12.27"]
[Round "1.54"]
[White "Pohl, Steffen"]
[Black "Burgard, Manfred"]
[Result "1-0"]
[WhiteElo "1789"]
[BlackElo "1355"]
[PlyCount "61"]
[EventDate "2014.??.??"]
[WhiteTeam "SK Schwanstetten"]
[BlackTeam "SF Roding"]

1. e4 c5 2. d4 cxd4 3. c3 dxc3 4. Nxc3 Nc6 5. Nf3 d6 6. Bc4 e6 7. O-O Nf6 8.
Qe2 a6 9. Rd1 Qc7 10. Bf4 Nd7 11. Rac1 Nde5 12. Bxe5 dxe5 13. Bb3 Be7 14. Nd5
Qa5 15. Nxe7 Nxe7 16. Qe3 O-O 17. Rc5 b5 18. Nxe5 Rd8 19. Rdc1 Qb6 20. Qf3 Rf8
21. h4 Qd6 22. h5 h6 23. Qc3 f6 24. Rd1 Qb6 25. Nd7 Bxd7 26. Rxd7 Ra7 27. Rxa7
Qxa7 28. Bxe6+ Kh8 29. Rc7 Qb8 30. Qc5 Rd8 31. Qxe7 1-0

[Event "3. Wittelsbacher Weihnachts-Schach-Open"]
[Site "Kelheim"]
[Date "2014.12.27"]
[Round "1.55"]
[White "Mack, Patrick"]
[Black "Brassat, Jürgen"]
[Result "0-1"]
[WhiteElo "1345"]
[BlackElo "1879"]
[PlyCount "76"]
[EventDate "2014.??.??"]
[WhiteTeam "SC Bechhofen"]
[BlackTeam "SC Eulenspiegel Regensb."]

1. d4 d5 2. Nf3 Nf6 3. e3 e6 4. Bd3 Nbd7 5. O-O c5 6. b3 b6 7. Bb2 Bb7 8. Nbd2
Be7 9. c4 O-O 10. Rc1 Rc8 11. Ne5 Nxe5 12. dxe5 Ne8 13. f4 f5 14. exf6 Bxf6 15.
Qh5 g6 16. Bxg6 hxg6 17. Qxg6+ Ng7 18. Ba1 Bxa1 19. Rxa1 Qf6 20. Qg4 Rcd8 21.
Rad1 Qf5 22. Qe2 a6 23. Rde1 Qc2 24. Ra1 dxc4 25. Rfd1 cxb3 26. axb3 Qd3 27.
Qe1 Qg6 28. Qf2 e5 29. Nc4 exf4 30. exf4 Qf6 31. g3 Qc6 32. Kf1 Qh1+ 33. Ke2
Rfe8+ 34. Ne3 Qe4 35. Rd2 a5 36. Rc1 Ba6+ 37. Kd1 Rxd2+ 38. Kxd2 Qd3+ 0-1

[Event "3. Wittelsbacher Weihnachts-Schach-Open"]
[Site "Kelheim"]
[Date "2014.12.27"]
[Round "1.56"]
[White "Helf, Stefan"]
[Black "Rösch, Maximilian"]
[Result "0-1"]
[WhiteElo "1667"]
[BlackElo "1660"]
[PlyCount "143"]
[EventDate "2014.??.??"]
[WhiteTeam "SK Abensberg"]
[BlackTeam "SK Kelheim"]

1. e4 c5 2. Nf3 d6 3. d4 cxd4 4. Nxd4 Nf6 5. Nc3 a6 6. Bg5 e6 7. f4 Be7 8. Qf3
Nbd7 9. O-O-O h6 10. Bh4 g5 11. fxg5 Ne5 12. Qf2 Nfg4 13. Qe2 Bxg5+ 14. Bxg5
Qxg5+ 15. Kb1 Bd7 16. h3 Nf6 17. Nf3 Nxf3 18. Qxf3 Qe5 19. Be2 Bc6 20. Rhf1 Ke7
21. Qf2 Rad8 22. Qh4 Qg5 23. Qf2 Qe5 24. Nd5+ exd5 25. exd5 Be8 26. Bc4 Kf8 27.
Qxf6 Qxf6 28. Rxf6 Kg7 29. Rdf1 Rg8 30. g4 Rd7 31. Bd3 Rd8 32. Kc1 Rf8 33. Kd2
Rd7 34. c4 b6 35. Kc3 Rd8 36. b4 a5 37. bxa5 bxa5 38. Kd4 Ba4 39. c5 dxc5+ 40.
Kxc5 Rc8+ 41. Kd4 Rc7 42. Ra6 Rb8 43. Rxa5 Rb4+ 44. Ke5 Rc3 45. Bf5 f6+ 46. Ke6
Rb6+ 47. d6 Re3+ 48. Kd5 Re5+ 49. Kc4 Rxa5 50. d7 Ra8 51. Re1 Rd8 52. Re7+ Kf8
53. Rh7 Rb7 54. Rxh6 Bxd7 55. Rxf6+ Ke7 56. Rg6 Rc8+ 57. Kd4 Rd8 58. Ke5 Rb5+
59. Kf4 Rf8 60. Rg7+ Ke8 61. Rg5 Bxf5 62. gxf5 Rb4+ 63. Kg3 Re4 64. h4 Rh8 65.
h5 Re7 66. Kg4 Re4+ 67. Kg3 Ra4 68. Rg4 Rxg4+ 69. Kxg4 Kf7 70. a4 Rg8+ 71. Kf4
Kf6 72. a5 0-1

[Event "3. Wittelsbacher Weihnachts-Schach-Open"]
[Site "Kelheim"]
[Date "2014.12.27"]
[Round "1.57"]
[White "Kukulina, Sonja"]
[Black "Braun, Kristin"]
[Result "0-1"]
[WhiteElo "1482"]
[BlackElo "1765"]
[PlyCount "92"]
[EventDate "2014.??.??"]
[WhiteTeam "SK München Südost"]
[BlackTeam "SC Forchheim"]

1. e4 d6 2. d4 Nf6 3. Nc3 g6 4. f3 Bg7 5. Be3 O-O 6. Nge2 e5 7. Qd2 Nc6 8. d5
Ne7 9. Bh6 Ne8 10. Bxg7 Kxg7 11. h4 h6 12. f4 f5 13. exf5 Nxf5 14. g4 Nxh4 15.
O-O-O Bxg4 16. Qe1 Nf5 17. Bh3 Bxh3 18. Rxh3 Nf6 19. fxe5 dxe5 20. Ng3 Ng4 21.
Nxf5+ Rxf5 22. Rg3 Qh4 23. Qg1 h5 24. Ne4 b6 25. d6 cxd6 26. Rxd6 Rd8 27. Rgd3
Rxd6 28. Nxd6 Rf4 29. Ne8+ Kh6 30. Rd7 Qf2 31. Rh7+ Kxh7 32. Qxf2 Nxf2 33. Nc7
h4 34. Ne6 h3 35. Ng5+ Kh6 36. Nxh3 Nxh3 37. Kd2 g5 38. Kc3 g4 39. Kb3 g3 40.
Ka3 g2 41. c3 g1=Q 42. c4 Qc5+ 43. b4 Rf3+ 44. Ka4 b5+ 45. cxb5 Qc2+ 46. Ka5
Ra3# 0-1

[Event "3. Wittelsbacher Weihnachts-Schach-Open"]
[Site "Kelheim"]
[Date "2014.12.27"]
[Round "1.58"]
[White "Schmidt, Franz"]
[Black "Lohr, Maximilian"]
[Result "1-0"]
[WhiteElo "1842"]
[BlackElo "1318"]
[PlyCount "61"]
[EventDate "2014.??.??"]
[WhiteTeam "SK Abensberg"]
[BlackTeam "TSV Mainburg"]

1. e4 d5 2. exd5 Qxd5 3. Nc3 Qa5 4. d4 c6 5. Nf3 Bf5 6. Bc4 e6 7. O-O Qc7 8.
Re1 Nf6 9. h3 Nbd7 10. Nh4 Bg6 11. Nxg6 hxg6 12. d5 Nb6 13. Qe2 cxd5 14. Bb5+
Nbd7 15. Qf3 O-O-O 16. Bf4 Bd6 17. Bxd7+ Rxd7 18. Nb5 Qb6 19. Nxd6+ Rxd6 20.
Bxd6 Qxd6 21. c4 g5 22. cxd5 Qxd5 23. Rac1+ Kb8 24. Qg3+ Ka8 25. Qc7 Qd7 26.
Qxd7 Nxd7 27. Rc7 Nf6 28. Rxf7 Rc8 29. Rxe6 g4 30. Rxg7 g3 31. fxg3 1-0

[Event "3. Wittelsbacher Weihnachts-Schach-Open"]
[Site "Kelheim"]
[Date "2014.12.27"]
[Round "1.59"]
[White "Schwab, Leon"]
[Black "Klimpel, Siegfried"]
[Result "0-1"]
[WhiteElo "1237"]
[BlackElo "1836"]
[PlyCount "102"]
[EventDate "2014.??.??"]
[WhiteTeam "SK Kelheim"]
[BlackTeam "TSV Kareth-Lappersdorf"]

1. d4 d5 2. c4 dxc4 3. Nc3 a6 4. a4 Nf6 5. Nf3 Nc6 6. e3 Bf5 7. Bxc4 e6 8. O-O
Be7 9. b3 O-O 10. Bd3 Bg4 11. Ne4 Nd7 12. h3 Bh5 13. Ng3 Bg6 14. Bxg6 hxg6 15.
d5 exd5 16. Qxd5 Bf6 17. Rb1 Nb6 18. Qe4 Re8 19. Qg4 Qe7 20. Bb2 Rad8 21. h4
Bxb2 22. Rxb2 Ne5 23. Nxe5 Qxe5 24. Rc2 Nd5 25. Qc4 c6 26. Re1 Qe7 27. Rd1 Nxe3
28. Rxd8 Nxc4 29. Rxe8+ Qxe8 30. Rxc4 Qe1+ 31. Nf1 Qd1 32. Rb4 b5 33. axb5 axb5
34. g3 Qd6 35. Rf4 b4 36. Ne3 c5 37. Rc4 Kf8 38. Kg2 Ke7 39. Re4+ Kd8 40. Nc4
Qd5 41. f3 f6 42. Re2 Qf7 43. Rd2+ Kc7 44. Nd6 Qxb3 45. Ne8+ Kc8 46. Nd6+ Kb8
47. Ne4 c4 48. Rd8+ Ka7 49. Rd7+ Kb6 50. Rd6+ Kc7 51. Kf2 f5 0-1

[Event "3. Wittelsbacher Weihnachts-Schach-Open"]
[Site "Kelheim"]
[Date "2014.12.27"]
[Round "1.60"]
[White "Fröhlich, Manuel"]
[Black "Grieneisen Pivatto, Nicolas"]
[Result "1-0"]
[WhiteElo "1711"]
[BlackElo "1358"]
[PlyCount "73"]
[EventDate "2014.??.??"]
[WhiteTeam "TSV Oberviechtach"]
[BlackTeam "FSV Großenseebach"]

1. d4 d5 2. c4 e6 3. Bf4 Nf6 4. e3 Nc6 5. a3 Bd6 6. Bxd6 Qxd6 7. c5 Qe7 8. Nf3
O-O 9. Nc3 Rd8 10. b4 a6 11. Be2 e5 12. dxe5 Nxe5 13. Qd4 Nxf3+ 14. Bxf3 c6 15.
O-O Bf5 16. Rad1 Re8 17. Rfe1 Rad8 18. a4 Qe5 19. b5 Qxd4 20. Rxd4 axb5 21.
axb5 Nd7 22. bxc6 bxc6 23. g4 Bg6 24. h4 f6 25. Red1 Nxc5 26. e4 Ne6 27. Ra4
dxe4 28. Rxd8 Rxd8 29. Nxe4 Bxe4 30. Rxe4 Kf7 31. Ra4 Rc8 32. Be4 h6 33. Bf5
Rc7 34. h5 c5 35. Re4 Ng5 36. Bg6+ Kf8 37. Re8# 1-0

[Event "3. Wittelsbacher Weihnachts-Schach-Open"]
[Site "Kelheim"]
[Date "2014.12.27"]
[Round "1.61"]
[White "Grieneisen Pivatto, Vivian"]
[Black "Antczak, Lena"]
[Result "0-1"]
[WhiteElo "1133"]
[BlackElo "1614"]
[PlyCount "114"]
[EventDate "2014.??.??"]
[WhiteTeam "FSV Großenseebach"]
[BlackTeam "SK Kelheim"]

1. e4 e5 2. Nf3 Nc6 3. Bc4 Nf6 4. Ng5 Nxe4 5. Bxf7+ Ke7 6. d3 Nf6 7. Nc3 h6 8.
Nd5+ Nxd5 9. Bxd5 Qe8 10. Bf7 Qd8 11. Bd5 Nb4 12. Qe2 d6 13. Nf7 Qe8 14. Nxh8
Nxd5 15. d4 Kd8 16. dxe5 dxe5 17. Qd3 Qd7 18. Ng6 Bd6 19. O-O Qf7 20. Nh8 Qe6
21. Qg6 Qxg6 22. Nxg6 Bf5 23. c4 Nb6 24. Nh4 Bd3 25. Re1 Bxc4 26. Nf5 Bf8 27.
Rxe5 Nd7 28. Re3 c6 29. b3 Bf7 30. Bb2 g6 31. Ne7 Bxe7 32. Rd1 Bd5 33. Rde1 Bb4
34. Re8+ Kc7 35. Rxa8 Bxe1 36. Rxa7 Nb6 37. Bd4 Nc8 38. Be5+ Kb6 39. Ra8 Ne7
40. Re8 Bb4 41. Bf6 Nf5 42. Re2 g5 43. Re5 Nh4 44. Bg7 Bxg2 45. Bxh6 Nf3+ 46.
Kxg2 Nxe5 47. Bxg5 Bf8 48. h4 Kb5 49. Bf6 Nf7 50. a3 Bxa3 51. h5 Bf8 52. Kg3
Kb4 53. Kg4 Kxb3 54. Kf5 Nh6+ 55. Kg6 Ng4 56. f3 Nxf6 57. Kxf6 c5 0-1

[Event "3. Wittelsbacher Weihnachts-Schach-Open"]
[Site "Kelheim"]
[Date "2014.12.27"]
[Round "1.62"]
[White "Obermeier, Johannes"]
[Black "Oberley, Karl-Heinz"]
[Result "1-0"]
[WhiteElo "1613"]
[BlackElo "1118"]
[PlyCount "65"]
[EventDate "2014.??.??"]
[WhiteTeam "SK Kelheim"]
[BlackTeam "SK Ingolstadt"]

1. e4 c5 2. d4 cxd4 3. c3 g6 4. Nf3 dxc3 5. Nxc3 Bg7 6. Bc4 e6 7. Nb5 Bf8 8.
Bf4 Na6 9. O-O Nf6 10. e5 Nh5 11. Bg5 Qb6 12. Qe2 Nc7 13. Be3 Bc5 14. Nd6+ Kf8
15. Bxc5 Qxc5 16. Rac1 Qb6 17. Rfd1 Kg7 18. Ng5 Rf8 19. Qf3 f6 20. Nxc8 Raxc8
21. Rxd7+ Kg8 22. Nxe6 Nxe6 23. Rd6 Qxb2 24. Bxe6+ Kh8 25. Rxc8 Rxc8 26. Bxc8
Qxe5 27. Rd8+ Kg7 28. Rd1 b6 29. g3 Qa5 30. Be6 Kh6 31. g4 Ng7 32. Qf4+ g5 33.
Qxf6# 1-0

[Event "3. Wittelsbacher Weihnachts-Schach-Open"]
[Site "Kelheim"]
[Date "2014.12.27"]
[Round "1.63"]
[White "Boos-Guckes, Astrid"]
[Black "Weidenhöfer, Robert"]
[Result "0-1"]
[WhiteElo "1078"]
[BlackElo "1736"]
[PlyCount "58"]
[EventDate "2014.??.??"]
[WhiteTeam "SV Worms"]
[BlackTeam "SW Nürnberg Süd"]

1. e4 b6 2. d4 Bb7 3. Nc3 e6 4. Bd2 Nf6 5. f3 c5 6. Bg5 Be7 7. Nge2 O-O 8. Qd2
Nc6 9. O-O-O d5 10. e5 Nd7 11. Bxe7 Qxe7 12. h4 cxd4 13. Nxd4 Ncxe5 14. Bb5 a6
15. Bxd7 Qxd7 16. Rde1 Nc4 17. Qf2 e5 18. Nde2 d4 19. Rd1 Qe6 20. Ne4 Bxe4 21.
fxe4 Ne3 22. Rdg1 Qxa2 23. Qg3 Rac8 24. c3 Qa1+ 25. Kd2 Qxb2+ 26. Ke1 Qb1+ 27.
Kf2 Qxe4 28. Qh3 Ng4+ 29. Ke1 d3 0-1

[Event "3. Wittelsbacher Weihnachts-Schach-Open"]
[Site "Kelheim"]
[Date "2014.12.27"]
[Round "1.64"]
[White "Stutz, Robert"]
[Black "Grieneisen Pivatto, Marcus"]
[Result "1-0"]
[WhiteElo "1816"]
[BlackElo "1074"]
[PlyCount "43"]
[EventDate "2014.??.??"]
[WhiteTeam "TSV Grossmehring"]
[BlackTeam "FSV Großenseebach"]

1. e4 e5 2. Nf3 Nc6 3. d4 exd4 4. Nxd4 Nge7 5. Be3 g6 6. Nc3 Bg7 7. Qd2 O-O 8.
O-O-O d6 9. h4 Nxd4 10. Bxd4 Bxd4 11. Qxd4 Nc6 12. Qd2 Be6 13. f3 Ne7 14. g4 f6
15. Kb1 Qd7 16. h5 g5 17. Be2 h6 18. Nd5 Rad8 19. Qc3 c6 20. Nxf6+ Rxf6 21.
Qxf6 Nc8 22. Qxh6 1-0

[Event "3. Wittelsbacher Weihnachts-Schach-Open"]
[Site "Kelheim"]
[Date "2014.12.27"]
[Round "1.65"]
[White "Grieneisen Pivatto, Tanja"]
[Black "Alsheimer, Lea"]
[Result "0-1"]
[WhiteElo "1048"]
[BlackElo "1616"]
[PlyCount "76"]
[EventDate "2014.??.??"]
[WhiteTeam "FSV Großenseebach"]
[BlackTeam "SC Bechhofen"]

1. d4 d5 2. c4 e6 3. Nf3 c5 4. Bf4 Nc6 5. e3 Nf6 6. Nc3 a6 7. Bd3 dxc4 8. Bxc4
b5 9. Be2 Bb7 10. O-O cxd4 11. Nxd4 Nxd4 12. Qxd4 Qxd4 13. exd4 Bb4 14. Rfd1
Bxc3 15. bxc3 Nd5 16. Bf3 Nxf4 17. Bxb7 Ra7 18. Bc6+ Ke7 19. Rd2 Rc7 20. d5 Rd8
21. Re1 Rxc6 22. dxc6 Rxd2 23. c7 Kd7 24. g3 Nd3 25. Rf1 Kxc7 26. a3 Rc2 27.
Kg2 Rxc3 28. Ra1 Rc2 29. Rf1 Ra2 30. a4 Rxa4 31. Rd1 Rd4 32. Rd2 Nf4+ 33. Kf3
Rxd2 34. Kxf4 b4 35. Ke3 Rd5 36. f4 b3 37. Ke4 b2 38. f5 b1=Q+ 0-1

[Event "3. Wittelsbacher Weihnachts-Schach-Open"]
[Site "Kelheim"]
[Date "2014.12.27"]
[Round "1.66"]
[White "Gottschall, Ina"]
[Black "Guckes, Simon"]
[Result "1-0"]
[WhiteElo "1773"]
[BlackElo "1007"]
[PlyCount "75"]
[EventDate "2014.??.??"]
[WhiteTeam "USV TU Dresden"]
[BlackTeam "SV Worms"]

1. d4 c5 2. Nf3 e6 3. c4 Nc6 4. Bf4 Nf6 5. e3 Be7 6. Be2 O-O 7. O-O d5 8. Nc3
dxc4 9. dxc5 Bxc5 10. Bxc4 Qe7 11. a3 Re8 12. Qc2 a6 13. Rfd1 b5 14. Be2 e5 15.
Bg5 Qe6 16. Bxf6 Qxf6 17. Nd5 Qd8 18. Qxc5 Bb7 19. Nb6 Qf6 20. Nxa8 Bxa8 21.
Rd6 Re6 22. Rxe6 Qxe6 23. Rd1 g6 24. Qd6 Qf5 25. Rc1 Kg7 26. Nd2 Qg5 27. Bf3
Qh4 28. Bxc6 Bxc6 29. Rxc6 Qh5 30. Ne4 a5 31. Rc8 Qd1+ 32. Qxd1 f5 33. Qd7+ Kh6
34. Ng3 f4 35. Ne4 b4 36. Qh3+ Kg7 37. Rc7+ Kg8 38. Qc8# 1-0

[Event "3. Wittelsbacher Weihnachts-Schach-Open"]
[Site "Kelheim"]
[Date "2014.12.27"]
[Round "1.67"]
[White "Haxhija, Florim"]
[Black "Scholz, Gerhart"]
[Result "1-0"]
[WhiteElo "911"]
[BlackElo "1549"]
[PlyCount "89"]
[EventDate "2014.??.??"]
[WhiteTeam "SK Kelheim"]
[BlackTeam "SK Abensberg"]

1. e4 d5 2. exd5 Nf6 3. Nc3 Nxd5 4. Nxd5 Qxd5 5. d3 e5 6. Be2 c6 7. Bf3 Qd8 8.
g3 Bf5 9. Qe2 Bd6 10. Bg2 O-O 11. Nf3 Nd7 12. O-O Bg4 13. h3 Bxf3 14. Qxf3 Qf6
15. Qxf6 Nxf6 16. b3 Nd7 17. Re1 Bb4 18. Re4 Bc3 19. Rb1 f6 20. Ba3 Rfd8 21.
Bb4 Bd4 22. Ba5 Bb6 23. b4 Nf8 24. Rc4 Rd4 25. Rxd4 exd4 26. Re1 Kf7 27. Re4
Bxa5 28. bxa5 c5 29. Re1 Rb8 30. Rb1 b6 31. axb6 Rxb6 32. Re1 Re6 33. Kf1 Nd7
34. Rc1 c4 35. dxc4 Kg6 36. c3 dxc3 37. Rxc3 Nc5 38. Ra3 Ra6 39. Rxa6 Nxa6 40.
Ke2 Kf5 41. Kd3 Ke5 42. f4+ Kd6 43. Bd5 Nb4+ 44. Kd4 Nxa2 45. c5+ 1-0

[Event "3. Wittelsbacher Weihnachts-Schach-Open"]
[Site "Kelheim"]
[Date "2014.12.27"]
[Round "1.68"]
[White "Tautz, Helmut"]
[Black "Schilay, Erich"]
[Result "1/2-1/2"]
[WhiteElo "1539"]
[BlackElo "849"]
[PlyCount "59"]
[EventDate "2014.??.??"]
[WhiteTeam "SK Kelheim"]
[BlackTeam "SK Neumarkt"]

1. e4 e5 2. Nf3 Nc6 3. Bc4 f6 4. O-O Nge7 5. Nc3 d6 6. d4 Ng6 7. d5 Nce7 8. Ne2
Bd7 9. Ng3 a6 10. Bd3 Qc8 11. c4 c6 12. Bd2 c5 13. Qc2 b6 14. Nf5 Qc7 15. b4
Nc8 16. bxc5 bxc5 17. Rab1 Be7 18. Nxg7+ Kf7 19. Nf5 Bf8 20. Rb2 Qd8 21. Rfb1
Ra7 22. Rb8 h6 23. Qb3 Bxf5 24. exf5 Nge7 25. Nh4 Rg8 26. Rb7 Rxb7 27. Qxb7 Rg5
28. Ng6 Rh5 29. Rb3 e4 30. Be3 1/2-1/2

[Event "3. Wittelsbacher Weihnachts-Schach-Open"]
[Site "Kelheim"]
[Date "2014.12.27"]
[Round "1.69"]
[White "Mühlich, Raphael"]
[Black "Brunner, Tobias"]
[Result "0-1"]
[WhiteElo "785"]
[BlackElo "1539"]
[PlyCount "66"]
[EventDate "2014.??.??"]
[WhiteTeam "SK Kelheim"]
[BlackTeam "TSV Nittenau"]

1. e4 d5 2. exd5 Qxd5 3. Nc3 Qa5 4. d4 c6 5. Nf3 Bf5 6. Bc4 e6 7. Bf4 Nf6 8.
O-O Be7 9. Re1 O-O 10. Qd2 Bb4 11. a3 Bxc3 12. bxc3 Ne4 13. Qd1 Nd7 14. Rb1 b5
15. Bd3 Nxc3 16. Bd2 Bxd3 17. cxd3 Qxa3 18. Ra1 Nxd1 19. Rxa3 Nb2 20. Rc1 Rfc8
21. Bb4 Na4 22. Ra2 a5 23. Bd2 c5 24. Rac2 b4 25. dxc5 Rxc5 26. Rxc5 Ndxc5 27.
d4 Nb3 28. Rc2 Nxd2 29. Nxd2 Nc3 30. Rc1 a4 31. Ra1 Rd8 32. Nf3 b3 33. Rc1 Ne2+
0-1

[Event "3. Wittelsbacher Weihnachts-Schach-Open"]
[Site "Kelheim"]
[Date "2014.12.27"]
[Round "1.70"]
[White "Häusler, Florian"]
[Black "Hofer, Jakob"]
[Result "1-0"]
[WhiteElo "1532"]
[BlackElo "784"]
[PlyCount "113"]
[EventDate "2014.??.??"]
[WhiteTeam "TSV Kareth-Lappersdorf"]
[BlackTeam "SK Kelheim"]

1. e4 e5 2. Nf3 Nc6 3. Bb5 Nf6 4. d3 Bc5 5. Nc3 d6 6. Bg5 Bd7 7. Qd2 Be6 8. Nd5
Bxd5 9. exd5 a6 10. dxc6 axb5 11. cxb7 Rb8 12. O-O Rxb7 13. d4 Bb6 14. dxe5
dxe5 15. Qxd8+ Kxd8 16. Nxe5 Rf8 17. Ng4 Kc8 18. Nxf6 gxf6 19. Bxf6 Rb8 20.
Rad1 Kb7 21. Rfe1 Rfc8 22. Rd7 Ka8 23. Ree7 Rb7 24. Rxf7 h6 25. Kf1 Ba5 26. Rd8
Rbb8 27. Rxc8 Rxc8 28. Rh7 Bd2 29. Rh8 Kb7 30. Rxc8 Kxc8 31. Ke2 Bf4 32. g3 Bd6
33. Kf3 Bc5 34. c3 c6 35. Bd4 Bd6 36. Kg4 Kd7 37. Kh5 Bf8 38. Be3 Bg7 39. Bxh6
Bxh6 40. Kxh6 Kd6 41. Kg6 c5 42. h4 b4 43. h5 bxc3 44. bxc3 c4 45. h6 Kc6 46.
h7 Kd5 47. h8=Q Ke4 48. Qd4+ Kf3 49. Qxc4 Kxf2 50. Qd4+ Kxg3 51. Qf6 Kg4 52.
Qe5 Kf3 53. Kg5 Kf2 54. Kg4 Kg2 55. Qe2+ Kg1 56. Kg3 Kh1 57. Qg2# 1-0

[Event "3. Wittelsbacher Weihnachts-Schach-Open"]
[Site "Kelheim"]
[Date "2014.12.27"]
[Round "2.1"]
[White "Krivoborodov, Egor"]
[Black "Weber, Daniel"]
[Result "1-0"]
[WhiteElo "2517"]
[BlackElo "2036"]
[PlyCount "53"]
[EventDate "2014.??.??"]
[WhiteTeam "SC Garching"]
[BlackTeam "SC Bechhofen"]

1. d4 d5 2. c4 c5 3. e3 cxd4 4. exd4 Nc6 5. Be3 Nf6 6. Nc3 e6 7. c5 Bxc5 8.
dxc5 d4 9. Bb5 dxe3 10. Qxd8+ Kxd8 11. fxe3 Bd7 12. Nf3 Rc8 13. Ke2 Ke7 14.
Rac1 Nb4 15. Bxd7 Nxd7 16. a3 Nc6 17. b4 Nce5 18. Ne4 Nxf3 19. gxf3 Rc6 20.
Rhd1 f5 21. Nd6 b6 22. Nf7 Rhc8 23. Rxd7+ Kxd7 24. Ne5+ Ke7 25. Nxc6+ Rxc6 26.
cxb6 Rxc1 27. b7 1-0

[Event "3. Wittelsbacher Weihnachts-Schach-Open"]
[Site "Kelheim"]
[Date "2014.12.27"]
[Round "2.2"]
[White "Kanewski, Josef"]
[Black "Plat, Vojtech"]
[Result "0-1"]
[WhiteElo "2087"]
[BlackElo "2432"]
[PlyCount "54"]
[EventDate "2014.??.??"]
[WhiteTeam "SK Weiden"]
[BlackTeam "SK König Plauen"]

1. d4 d6 2. c4 e5 3. dxe5 dxe5 4. Qxd8+ Kxd8 5. g3 Be6 6. Bg2 c6 7. b3 Nd7 8.
Nf3 f6 9. O-O Kc7 10. Nc3 Ne7 11. Bb2 g5 12. Nd2 Ng6 13. a4 a5 14. Ba3 Bxa3 15.
Rxa3 Rad8 16. Raa1 f5 17. Rab1 Nc5 18. Rfd1 g4 19. Kf1 h5 20. f3 Rd4 21. Ke1 h4
22. fxg4 hxg3 23. hxg3 Rxg4 24. Nf1 f4 25. Kf2 fxg3+ 26. Nxg3 Rf8+ 27. Bf3 e4
0-1

[Event "3. Wittelsbacher Weihnachts-Schach-Open"]
[Site "Kelheim"]
[Date "2014.12.27"]
[Round "2.3"]
[White "Pacher, Milan"]
[Black "Simons, Peter"]
[Result "1-0"]
[WhiteElo "2432"]
[BlackElo "2043"]
[PlyCount "31"]
[EventDate "2014.??.??"]
[BlackTeam "Rheinbacher SF"]

1. e4 c6 2. d4 d5 3. Nc3 dxe4 4. Nxe4 Nf6 5. Nxf6+ exf6 6. Bc4 Qe7+ 7. Qe2 Bg4
8. f3 Be6 9. Bxe6 Qxe6 10. Bf4 Nd7 11. O-O-O O-O-O 12. c4 Nb6 13. Qxe6+ fxe6
14. b3 Bd6 15. Bxd6 Rxd6 16. c5 1-0

[Event "3. Wittelsbacher Weihnachts-Schach-Open"]
[Site "Kelheim"]
[Date "2014.12.27"]
[Round "2.4"]
[White "Böttger, Lukas"]
[Black "Blodig, Constantin"]
[Result "1/2-1/2"]
[WhiteElo "2236"]
[BlackElo "1972"]
[PlyCount "61"]
[EventDate "2014.??.??"]
[WhiteTeam "TuS Coswig"]
[BlackTeam "SK Kelheim"]

1. d4 Nf6 2. c4 c5 3. d5 b5 4. cxb5 a6 5. f3 d6 6. e4 g6 7. Na3 Bg7 8. Ne2 O-O
9. Nc3 axb5 10. Naxb5 Na6 11. Be2 Nc7 12. O-O Nxb5 13. Nxb5 Qb6 14. Be3 Bd7 15.
a4 Ne8 16. Qc2 Nc7 17. Nxc7 Qxc7 18. Ra2 Rfb8 19. b3 Qb6 20. Bc4 Bc8 21. Rb1
Ba6 22. b4 Bd4 23. Bxd4 Bxc4 24. Qxc4 cxd4 25. a5 Qa7 26. b5 Rc8 27. Qf1 Qc5
28. Kh1 Ra7 29. Rba1 Rb8 30. b6 Rxa5 31. Rxa5 1/2-1/2